Analýza informačnej bezpečnosti vo vybranom podniku diplomová práca

Uložené v:
Podrobná bibliografia
Hlavný autor: Fabo, Peter
Korporativný autor: Fakulta podnikového manažmentu EU. Katedra informačného manažmentu
Ďalší autori: Beláňová, Benita, 1973-
Médium: Kniha
Jazyk:Slovak
Vydavateľské údaje: Bratislava 2024
Tagy: Pridať tag
Žiadne tagy, Buďte prvý, kto otaguje tento záznam!

MARC

LEADER 00000nbm a2200000 4500
001 0301014
005 20250225093053.8
041 0 |a slo 
044 |a SK 
245 1 0 |a Analýza informačnej bezpečnosti vo vybranom podniku  |b diplomová práca  |c Peter Fabo ; školiteľ: Benita Beláňová 
264 1 |a Bratislava  |c 2024 
300 |a 60 s. 
100 1 |a Fabo, Peter 
700 1 |a Beláňová, Benita, 1973- 
710 2 |a Fakulta podnikového manažmentu EU. Katedra informačného manažmentu